000 00318nam a2200133Ia 4500
005 20251222144726.0
008 251222s9999||||xx |||||||||||||| ||spa||
020 _a85-06-03401-9
082 _aREF.469/C72
100 _aCouto Pereira, Helena Bonito
245 0 _aMichaelis:
264 _bMelhoramentos
942 _cLIB
999 _c18403
_d18403